000
00195nam a2200085Ia 4500
008
191206s9999 xx 000 0 und d
090
_a
PR2824A2L49X
245
0
_a
MEASURE FOR MEASURE
260
_c
c1969
999
_c
16463
_d
16463